Cigány népdalok Herrmann Antal gyűjtésében
Elmentve itt :
| További közreműködők: | |
|---|---|
| Dokumentumtípus: | Kézirat |
| Kulcsszavak: | cigány népdal, cigány népköltészet, cigány néprajz |
| Online Access: | http://misc.bibl.u-szeged.hu/46700 |
| LEADER | 00573ntm a2200157 i 4500 | ||
|---|---|---|---|
| 001 | misc46700 | ||
| 005 | 20200422134420.0 | ||
| 008 | 200422suuuu hu o 0|| hun d | ||
| 040 | |a SZTE Miscellanea Repozitórium |b hun | ||
| 041 | |a hun | ||
| 245 | 0 | 0 | |a Cigány népdalok Herrmann Antal gyűjtésében |h [elektronikus dokumentum] |
| 300 | |a 116 | ||
| 561 | |a Herrmann Antal hagyaték | ||
| 695 | |a cigány népdal, cigány népköltészet, cigány néprajz | ||
| 700 | 0 | 1 | |a Herrmann Antal |
| 856 | 4 | 0 | |u http://misc.bibl.u-szeged.hu/46700/1/hermann_antal_boritek_003_004_002.pdf |z Dokumentum-elérés |